[Event "1° ITT - 54 Aniv. Martelli"]
[Site "Villa Martelli"]
[Date "2008.07.14"]
[Round "9"]
[White "Nina, Miguel Angel"]
[Black "Filgueira, Hernan"]
[Result "0-1"]
[WhiteElo "2252"]
[BlackElo "2330"]
[Annotator "Ferrara,Alexis"]
[PlyCount "58"]
[EventDate "2008.07.08"]
[SourceDate "2008.07.09"]

1. d4 Nf6 2. g3 d5 3. Bg2 c6 4. Nf3 Bf5 5. O-O h6 6. c4 e6 7. Nc3 Nbd7 8. Bf4
Be7 9. Nd2 g5 10. Be3 Ng4 11. cxd5 exd5 12. h3 Nxe3 13. fxe3 Be6 14. e4 dxe4
15. Ndxe4 Qa5 16. a3 f5 17. Nd2 O-O 18. e3 Nf6 19. e4 fxe4 20. Ndxe4 Nxe4 21.
Nxe4 Rxf1+ 22. Qxf1 Rf8 23. Qe2 Bf5 24. g4 Bg6 25. b4 Qd8 26. Rd1 Re8 27. Kh1
Bf8 28. Qc4+ Bf7 29. Qf1 Bg7 {Ilegible} 0-1

[Event "1° ITT - 54 Aniv. Martelli"]
[Site "Villa Martelli"]
[Date "2008.07.14"]
[Round "9"]
[White "Barrionuevo, Pablo"]
[Black "Delai, Paula Fernanda"]
[Result "1/2-1/2"]
[WhiteElo "2363"]
[BlackElo "2081"]
[PlyCount "25"]
[EventDate "2008.07.08"]
[SourceDate "2008.07.09"]

1. d4 Nf6 2. c4 e5 3. dxe5 Ng4 4. Nc3 Bc5 5. e3 Nxe5 6. a3 a5 7. Nh3 d6 8. Nf4
Bf5 9. Be2 Nbd7 10. b3 Nf6 11. h3 h6 12. Bb2 O-O 13. Qd2 1/2-1/2

[Event "1° ITT - 54 Aniv. Martelli"]
[Site "Villa Martelli"]
[Date "2008.07.14"]
[Round "9"]
[White "Rodriguez, Andres"]
[Black "Goldwaser, Christian"]
[Result "1/2-1/2"]
[WhiteElo "2531"]
[BlackElo "2374"]
[PlyCount "131"]
[EventDate "2008.07.08"]
[SourceDate "2008.07.09"]

1. e4 c5 2. Nc3 d6 3. Nge2 Nf6 4. d4 cxd4 5. Nxd4 a6 6. Be3 e5 7. Nb3 Be6 8.
Qd2 Be7 9. f4 exf4 10. Bxf4 Nc6 11. O-O-O Ne5 12. Nd4 O-O 13. Nf5 Bxf5 14. exf5
Qa5 15. Kb1 Rfe8 16. h3 Rac8 17. g4 Bf8 18. Ne4 Qd8 19. Nxf6+ Qxf6 20. Bg2 h6
21. Bd5 Rc5 22. Rhf1 Be7 23. Be3 Rc7 24. Bb6 Rcc8 25. Qb4 Qh4 26. Qb3 Qf6 27.
Bxb7 Rb8 28. Bc7 Nd7 29. Bxb8 Rxb8 30. Rd5 Nc5 31. Rxc5 dxc5 32. Rd1 Qe5 33.
Qd5 Qe2 34. Qf3 Qb5 35. Re1 Qxb7 36. Qxb7 Rxb7 37. c3 Kf8 38. Kc2 Ke8 39. a3
Kd7 40. b4 Kc6 41. Kd3 Kd5 42. Re4 Bf6 43. Re8 c4+ 44. Kd2 Re7 45. Rc8 Bg5+ 46.
Kd1 Re3 47. Rc5+ Ke4 48. Rxc4+ Kd3 49. Rc6 Rxh3 50. Ke1 Rg3 51. Rxa6 Rxg4 52.
b5 Bd2+ 53. Kf1 Rf4+ 54. Kg2 Rxf5 55. b6 Bxc3 56. a4 Rf6 57. b7 Be5 58. Ra5 Bf4
59. Rd5+ Ke4 60. Rd7 g5 61. a5 Kf5 62. Rd4 Bb8 63. Rd8 Bf4 64. Rd4 Bb8 65. Rd8
Bf4 66. Rd4 1/2-1/2

[Event "1° ITT - 54 Aniv. Martelli"]
[Site "Villa Martelli"]
[Date "2008.07.14"]
[Round "9"]
[White "Guerrero, Alvaro"]
[Black "Pacheco, Marco"]
[Result "0-1"]
[WhiteElo "2154"]
[BlackElo "2405"]
[PlyCount "64"]
[EventDate "2008.07.08"]
[SourceDate "2008.07.09"]

1. d4 d5 2. c4 e5 3. cxd5 Qxd5 4. dxe5 Qxd1+ 5. Kxd1 Nc6 6. Nf3 Bf5 7. Bd2
O-O-O 8. Ke1 Nge7 9. Bc3 Nd5 10. a3 Bxb1 11. Rxb1 Bxa3 12. g3 Bb4 13. Bh3+ Kb8
14. Bxb4 Ndxb4 15. Rc1 Rhe8 16. Rc4 a5 17. e6 fxe6 18. Kf1 e5 19. Re4 Nd5 20.
Kg2 Nf6 21. Re3 h6 22. Rc1 e4 23. Ng1 Rd2 24. Rb3 Nb4 25. Bf5 Re5 26. Bg6 c5
27. Bf7 b5 28. Ra3 a4 29. Rac3 c4 30. Rb1 Rd7 31. Bg6 Rg5 32. f4 Rxg6 0-1

[Event "1° ITT - 54 Aniv. Martelli"]
[Site "Villa Martelli"]
[Date "2008.07.14"]
[Round "9"]
[White "Aguilar, Andres"]
[Black "Malbran, Guillermo"]
[Result "1/2-1/2"]
[WhiteElo "2252"]
[BlackElo "2241"]
[PlyCount "82"]
[EventDate "2008.07.08"]
[SourceDate "2008.07.09"]

1. Nf3 Nf6 2. g3 d6 3. d4 g6 4. Bg2 Bg7 5. O-O O-O 6. c4 c6 7. Nc3 Qa5 8. Qc2
Be6 9. b3 d5 10. c5 Bf5 11. Qb2 Ne4 12. b4 Qd8 13. Be3 Nd7 14. Nh4 Nxc3 15.
Qxc3 Be6 16. Qd2 b6 17. a4 a5 18. b5 bxc5 19. dxc5 d4 20. Bh6 Bxh6 21. Qxh6
Nxc5 22. Bxc6 Rb8 23. Nf3 f6 24. Rad1 d3 25. Qe3 Qd6 26. exd3 Nxa4 27. Ra1 Nb6
28. Rxa5 Bh3 29. Re1 e5 30. Ra7 Nc8 31. Ra6 Ne7 32. Be4 Qd8 33. Qc5 Rc8 34. Qa3
Bf5 35. Ra7 Bxe4 36. dxe4 Rf7 37. Kg2 Rb8 38. Rc1 Nc8 39. Rxf7 Kxf7 40. Qa6 Nd6
41. Rd1 Ke7 1/2-1/2

[Event "1° ITT - 54 Aniv. Martelli"]
[Site "Villa Martelli"]
[Date "2008.07.14"]
[Round "9"]
[White "Iermito, Sebastian"]
[Black "Paglilla, Carlos"]
[Result "1/2-1/2"]
[WhiteElo "2385"]
[BlackElo "2343"]
[PlyCount "140"]
[EventDate "2008.07.08"]
[SourceDate "2008.07.09"]

1. e4 Nf6 2. e5 Nd5 3. d4 d6 4. Nf3 Nc6 5. c4 Nb6 6. e6 fxe6 7. Nc3 Nd7 8. d5
exd5 9. cxd5 Ncb8 10. Nd4 Nf6 11. Bb5+ Kf7 12. Qe2 c6 13. dxc6 Nxc6 14. Nxc6
bxc6 15. Bxc6 Rb8 16. O-O e6 17. Be3 Qa5 18. Rfd1 Be7 19. Ne4 Nxe4 20. Bxe4 Bf6
21. Bd4 e5 22. Be3 Be6 23. Rxd6 Qb4 24. Rxe6 Kxe6 25. Qa6+ Rb6 26. Bxb6 axb6
27. Bc2 Rd8 28. Bb3+ Ke7 29. Qb7+ Rd7 30. Qc6 Rd6 31. Qc2 Rd2 32. Qf5 Qc5 33.
Rf1 h6 34. g3 Qc6 35. Re1 Qd7 36. Qe4 Qd4 37. Qxd4 Rxd4 38. Re2 Kd6 39. Kf1 b5
40. Bc2 Bg5 41. Ke1 Bc1 42. Bb3 Bg5 43. Rc2 Bd8 44. Ke2 Ba5 45. a3 Re4+ 46. Kf3
Rd4 47. Bf7 Rd2 48. Rxd2+ Bxd2 49. b3 Bc1 50. a4 bxa4 51. bxa4 Bg5 52. Ke4 Bf6
53. a5 Kc6 54. a6 Kb6 55. Bc4 Ka7 56. f3 Kb6 57. Kf5 Ka7 58. Kg6 Kb6 59. Kf7
Ka7 60. h4 Kb6 61. Ke6 Ka7 62. Kf5 Kb6 63. Kg4 Ka7 64. Kh3 Kb6 65. g4 Ka7 66.
g5 Bd8 67. Kg4 Ba5 68. Kf5 Be1 69. h5 Bg3 70. Kg6 Bf4 1/2-1/2

[Event "1° ITT - 54 Aniv. Martelli"]
[Site "Villa Martelli"]
[Date "2008.07.15"]
[Round "10"]
[White "Filgueira, Hernan"]
[Black "Paglilla, Carlos"]
[Result "1-0"]
[WhiteElo "2330"]
[BlackElo "2343"]
[PlyCount "61"]
[EventDate "2008.07.08"]
[SourceDate "2008.07.09"]

1. d4 Nf6 2. c4 c5 3. d5 g6 4. Nc3 Bg7 5. e4 d6 6. h3 O-O 7. Bd3 e6 8. Nf3 exd5
9. cxd5 a6 10. a4 Re8 11. O-O Nfd7 12. Bf4 Ne5 13. Nxe5 Bxe5 14. Bxe5 Rxe5 15.
f4 Re8 16. Qd2 Nd7 17. Rae1 f6 18. e5 dxe5 19. f5 g5 20. h4 gxh4 21. d6 Kh8 22.
Nd5 Rg8 23. Rf3 b6 24. Ne7 Bb7 25. Be4 Bxe4 26. Rxe4 Rg7 27. Ng6+ hxg6 28.
Rxh4+ Rh7 29. Rxh7+ Kxh7 30. Rh3+ Kg8 31. Qh6 1-0

[Event "1° ITT - 54 Aniv. Martelli"]
[Site "Villa Martelli"]
[Date "2008.07.15"]
[Round "10"]
[White "Malbran, Guillermo"]
[Black "Iermito, Sebastian"]
[Result "0-1"]
[WhiteElo "2241"]
[BlackElo "2385"]
[PlyCount "136"]
[EventDate "2008.07.08"]
[SourceDate "2008.07.09"]

1. e4 c5 2. c3 d6 3. d4 Nf6 4. Bd3 g6 5. Nf3 Bg7 6. h3 O-O 7. O-O Qc7 8. Re1
Nfd7 9. Bg5 Nc6 10. Bb5 Re8 11. d5 Nce5 12. Nxe5 Bxe5 13. Nd2 a6 14. Bxd7 Bxd7
15. Nf3 Bg7 16. Bf4 Rad8 17. Qd2 e5 18. Bh6 Rf8 19. a4 f5 20. Bxg7 Kxg7 21.
exf5 gxf5 22. Qg5+ Kh8 23. Qh6 Bc8 24. Nh4 Qg7 25. Qxg7+ Kxg7 26. f4 e4 27. a5
Bd7 28. c4 Rb8 29. Re3 b5 30. axb6 Rxb6 31. b3 Kf6 32. Kf2 Rfb8 33. Ra3 Ra8 34.
Ra5 Rg8 35. Ra3 Ke7 36. g3 Kd8 37. Rc3 Kc7 38. Ng2 h5 39. h4 Ra8 40. Ne3 a5 41.
Ke2 Kb7 42. Nf1 Rb4 43. Nd2 Kb6 44. Ra2 a4 45. bxa4 Raxa4 46. Rxa4 Bxa4 47. Rc1
Ka5 48. Nf1 Rb2+ 49. Ke1 Bc2 50. Kd2 Bd3+ 51. Kc3 Re2 52. Ra1+ Kb6 53. Rd1 Kc7
54. Rc1 Kd7 55. Ra1 Ke7 56. Ra7+ Kf6 57. Rd7 Re1 58. Rxd6+ Kf7 59. Nd2 Rc1+ 60.
Kb3 e3 61. Nf3 Be4 62. Ng5+ Kf8 63. Rf6+ Kg8 64. Re6 e2 65. Nxe4 fxe4 66. Rxe4
e1=Q 67. Rxe1 Rxe1 68. Ka4 Rb1 0-1

[Event "1° ITT - 54 Aniv. Martelli"]
[Site "Villa Martelli"]
[Date "2008.07.15"]
[Round "10"]
[White "Pacheco, Marco"]
[Black "Aguilar, Andres"]
[Result "1/2-1/2"]
[WhiteElo "2405"]
[BlackElo "2252"]
[PlyCount "61"]
[EventDate "2008.07.08"]
[SourceDate "2008.07.09"]

1. d4 Nf6 2. Nf3 g6 3. c4 Bg7 4. Nc3 O-O 5. e4 d6 6. Be2 Nbd7 7. O-O e5 8. Be3
c6 9. Qc2 Ng4 10. Bg5 f6 11. Bh4 Nh6 12. d5 c5 13. Nb5 Nf7 14. Ne1 h5 15. f3
Bh6 16. Bf2 Kh8 17. Bd3 Rg8 18. Qb1 Nf8 19. Nc2 f5 20. b4 b6 21. Rd1 f4 22. Kf1
Bg5 23. Ke2 Bh4 24. Bxh4 Qxh4 25. Rh1 Qe7 26. h4 g5 27. hxg5 Rxg5 28. Rh2 Ng6
29. Nc3 Kg7 30. a4 a5 31. bxc5 1/2-1/2

[Event "1° ITT - 54 Aniv. Martelli"]
[Site "Villa Martelli"]
[Date "2008.07.15"]
[Round "10"]
[White "Goldwaser, Christian"]
[Black "Guerrero, Alvaro"]
[Result "1-0"]
[WhiteElo "2374"]
[BlackElo "2154"]
[PlyCount "95"]
[EventDate "2008.07.08"]
[SourceDate "2008.07.09"]

1. d4 Nf6 2. c4 g6 3. Nf3 Bg7 4. g3 d6 5. Bg2 O-O 6. O-O Nc6 7. Nc3 a6 8. b3
Rb8 9. Nd5 Nd7 10. Bb2 e6 11. Ne3 Ne7 12. Rc1 b6 13. Qd2 Bb7 14. Rfd1 Bh6 15.
c5 d5 16. Ne5 Nxe5 17. dxe5 Nf5 18. f4 Nxe3 19. Qxe3 b5 20. c6 Ba8 21. Qa7 Rb6
22. Bd4 Rxc6 23. Rxc6 Bxc6 24. Rc1 Qd7 25. Qxa6 Ba8 26. Qa7 Rc8 27. b4 Bf8 28.
a3 Bc6 29. Qa6 Ba8 30. Bf1 c6 31. Qa7 Bb7 32. Bb2 c5 33. bxc5 Qc6 34. Bd4 Ra8
35. Qb6 Rxa3 36. e3 Rb3 37. Qxc6 Bxc6 38. Ra1 b4 39. Ra6 Be8 40. Ra8 Bc6 41.
Rc8 Ba4 42. c6 Kg7 43. c7 Bd7 44. Rd8 Rb1 45. Rxd7 Rc1 46. Kg2 b3 47. Ba6 Rc2+
48. Kh3 1-0

[Event "1° ITT - 54 Aniv. Martelli"]
[Site "Villa Martelli"]
[Date "2008.07.15"]
[Round "10"]
[White "Nina, Miguel Angel"]
[Black "Barrionuevo, Pablo"]
[Result "1-0"]
[WhiteElo "2252"]
[BlackElo "2363"]
[PlyCount "111"]
[EventDate "2008.07.08"]
[SourceDate "2008.07.09"]

1. e4 c5 2. Nf3 Nc6 3. d4 cxd4 4. Nxd4 e5 5. Nb5 d6 6. c4 Be7 7. N1c3 a6 8. Na3
f5 9. Bd3 f4 10. g3 Nf6 11. gxf4 exf4 12. Bxf4 O-O 13. Qd2 Ng4 14. Bg3 Nce5 15.
Be2 Bh4 16. Rf1 Be6 17. O-O-O Nxf2 18. Qxd6 Qg5+ 19. Kb1 Bxg3 20. Qxe6+ Kh8 21.
hxg3 Nxd1 22. Rxd1 Qxg3 23. Nc2 Rac8 24. Nd4 Rfe8 25. Qf5 Rf8 26. Qh5 Nxc4 27.
Bxc4 Rxc4 28. Nf5 Qe5 29. Rh1 h6 30. Qg5 Rc6 31. Rg1 Rf7 32. Qh5 Qe6 33. Nd4
Qe8 34. Qd5 Rcf6 35. e5 Rf1+ 36. Rxf1 Rxf1+ 37. Kc2 Rf2+ 38. Kb3 Rf4 39. Nce2
Rf7 40. e6 Rc7 41. Nf4 b6 42. Qd6 Rb7 43. Nc6 a5 44. Qd8 Qxd8 45. Nxd8 Rc7 46.
Nd5 Rc1 47. e7 Re1 48. Nf7+ Kh7 49. Nd6 h5 50. e8=Q Rxe8 51. Nxe8 h4 52. Ne3 g5
53. Nf6+ Kg6 54. Nfg4 b5 55. a4 b4 56. Kc4 1-0

[Event "1° ITT - 54 Aniv. Martelli"]
[Site "Villa Martelli"]
[Date "2008.07.16"]
[Round "11"]
[White "Aguilar, Andres"]
[Black "Goldwaser, Christian"]
[Result "1/2-1/2"]
[WhiteElo "2252"]
[BlackElo "2374"]
[PlyCount "45"]
[EventDate "2008.07.08"]
[SourceDate "2008.07.09"]

1. e4 e6 2. d4 d5 3. Nc3 Bb4 4. e5 c5 5. a3 Bxc3+ 6. bxc3 Nc6 7. Nf3 Qa5 8. Bd2
c4 9. g3 Bd7 10. h4 O-O-O 11. Bh3 h6 12. O-O Qa4 13. Ra2 f6 14. Re1 f5 15. h5
Nge7 16. Nh4 Rdf8 17. Bg2 Be8 18. Bf3 Nd8 19. Kg2 Kb8 20. Rh1 Ka8 21. Bf4 Qa5
22. Qd2 Ba4 23. Rb1 1/2-1/2

[Event "1° ITT - 54 Aniv. Martelli"]
[Site "Villa Martelli"]
[Date "2008.07.16"]
[Round "11"]
[White "Barrionuevo, Pablo"]
[Black "Filgueira, Hernan"]
[Result "0-1"]
[WhiteElo "2363"]
[BlackElo "2330"]
[PlyCount "88"]
[EventDate "2008.07.08"]
[SourceDate "2008.07.09"]

1. d4 f5 2. e4 fxe4 3. Nc3 Nf6 4. Bg5 Nc6 5. d5 Ne5 6. Qe2 Nf7 7. Bxf6 exf6 8.
Nxe4 Be7 9. d6 cxd6 10. O-O-O O-O 11. Nf3 b6 12. Nd4 Re8 13. Qf3 Bb7 14. Bd3 g6
15. h4 d5 16. Nc3 Ne5 17. Qh3 Nxd3+ 18. Rxd3 Bf8 19. h5 g5 20. f4 gxf4 21. Qg4+
Kh8 22. Qxf4 Qe7 23. Nf5 Qf7 24. Nb5 Re4 25. Qf2 Bc6 26. Nbd6 Qe6 27. Nxe4 dxe4
28. Rb3 Ba4 29. Rg3 Qxa2 30. Qd4 Qe6 31. Rf1 Bc6 32. Rf4 Re8 33. h6 Qe5 34.
Rfg4 Bd5 35. Qxe5 Rxe5 36. Ng7 e3 37. Kd1 e2+ 38. Ke1 Bc5 39. Rf4 Be3 40. Rxe3
Rxe3 41. Rxf6 Kg8 42. Nf5 Re5 43. g4 Re6 44. Rxe6 Bxe6 0-1

[Event "1° ITT - 54 Aniv. Martelli"]
[Site "Villa Martelli"]
[Date "2008.07.16"]
[Round "11"]
[White "Rodriguez, Andres"]
[Black "Nina, Miguel Angel"]
[Result "0-1"]
[WhiteElo "2531"]
[BlackElo "2252"]
[PlyCount "70"]
[EventDate "2008.07.08"]
[SourceDate "2008.07.09"]

1. e4 e6 2. d4 d5 3. e5 c5 4. c3 Nc6 5. Nf3 Qb6 6. Bd3 Bd7 7. dxc5 Bxc5 8. b4
Be7 9. O-O Nh6 10. Bxh6 gxh6 11. Qd2 Bf8 12. Qf4 Bg7 13. Nbd2 O-O 14. Rfe1 a6
15. Rab1 Qc7 16. Qh4 b5 17. Nb3 f6 18. exf6 Rxf6 19. Nc5 Kh8 20. Qh3 Qd6 21.
Re2 Re8 22. Ng5 Bc8 23. Nxh7 Rf4 24. g3 Rc4 25. Qh5 Re7 26. Ng5 Kg8 27. Ncxe6
Ne5 28. Bh7+ Kh8 29. Nxg7 Bg4 30. Nf7+ Nxf7 31. Rxe7 Bxh5 32. Nf5 Qf6 33. Rbe1
Kxh7 34. Nh4 Rxh4 35. gxh4 Qxh4 0-1